| 000 | 00729nam a22002297a 4500 | ||
|---|---|---|---|
| 005 | 20170124105922.0 | ||
| 010 | _aA-541109 | ||
| 020 |
_c00.00 _a8170244234 |
||
| 035 | _aA-541109 | ||
| 037 | _bCen Lib/Ret | ||
| 040 |
_aDPL _bEN |
||
| 082 |
_a305.420954 _bPAN |
||
| 100 |
_aPanda, Snehalata _94924 |
||
| 245 |
_aWomen and social change in India / _cby Snehalata Panda |
||
| 260 |
_aNew Delhi _bAshish Publishing House _c1992 |
||
| 270 |
_a8/81, Punjabi Bagh _bNew Delhi _e110026 |
||
| 300 |
_avii,124p. : _c22cm(Hb) |
||
| 500 | _aIncludes bibliographical references and index | ||
| 650 |
_aSocial aspects _zIndia _94925 |
||
| 650 |
_aPolitical History _zIndia _94926 |
||
| 942 |
_2ddc _cEN _h305.420954 _mPAN |
||
| 999 |
_c123236 _d123236 |
||